000 00776nam a22002057a 4500
003 DO-SdBNP
005 20250221073755.0
008 100407s2019 dr 000 0 spa d
020 _a9789945917864
040 _aDO-SdBNP
_bspa
_cBNPHU
082 _axxx
_bxxxx
245 0 0 _aTransversalizaciòn de género en las estadísticas oficiales 2019-2022 :
_bguía para la socialización e implementación de la política en el Sistema Estadístico Nacional (SEN) /
_credacción Yakayra Rodríguez
260 _aSanto Domingo :
_bONE,
_c2019.
300 _a54 p. :
_c28 cm.
590 _aInventariado, 2022/ YL
700 _aRodrìguez, Yakayra
_ered.
_95774
710 1 _aRepública Dominicana.
_bOficina Nacional de Estadística
_95775
910 _aYLockward
942 _2ddc
_cLBS1
999 _c51553
_d51553